Gestión y supervisión escolar, su incidencia en el rendimiento académico de los/as estudiantes del Distrito Educativo 04-04. Educación Media período 2010-2011 (Record no. 61)

MARC details
000 -LEADER
campo de control de longitud fija 03108nam a2200577Ia 4500
001 - NÚMERO DE CONTROL
campo de control 72
008 - DATOS DE LONGITUD FIJA--INFORMACIÓN GENERAL
campo de control de longitud fija 241029s9999 xx 000 0 und d
010 ## - NÚMERO DE CONTROL DE LA BIBLIOTECA DEL CONGRESO
Número de control de LC 61
041 ## - CÓDIGO DE IDIOMA
Código de lengua del texto/banda sonora o título independiente Español
082 ## - NÚMERO DE LA CLASIFICACIÓN DECIMAL DEWEY
Número de clasificación NO APLICA
245 #0 - MENCIÓN DEL TÍTULO
Título Gestión y supervisión escolar, su incidencia en el rendimiento académico de los/as estudiantes del Distrito Educativo 04-04. Educación Media período 2010-2011
260 ## - PUBLICACIÓN, DISTRIBUCIÓN, ETC.
Lugar de publicación, distribución, etc. Santo Domingo
300 ## - DESCRIPCIÓN FÍSICA
Extensión 92
520 ## - RESUMEN, ETC.
Sumario, etc. 9
520 ## - RESUMEN, ETC.
Sumario, etc. El propósito principal de este estudio consistió en analizar la situación de la gestión y supervisión escolar y su incidencia en el rendimiento académico de los/as estudiantes del Distrito Educativo 01-04.La metodología utilizada fue de enfoque cuantitativo. Se fundamentó en el método de la encuesta y la entrevista. Se trabajó con una población de 11 directores de los  centros educativos, 48 técnicos docentes del Distrito Educativo 04-04 de Villa Altagracia, 720 docentes que laboran en educación media de los centros públicos y privados y como muestra se tomó 11 directores los cuales representan el 100%, 30 técnicos docentes para un 62%, 120 docentes lo que representa el 16% y 55 estudiantes del nivel medio que representa un 5% de la población.El estudio concluyó que en el Distrito Educativo 04-04 se pudo comprobar  la poca motivación del Distrito a los educadores para trabajar de manera continua con los estudiantes, hay bajo nivel de rendimiento de los centros y una falta de supervisión a los centros de enseñanza del sector privado.La investigación sugiere una mayor atención a los centros educativos públicos y privados, que el Distrito Educativo vele por la preparación y formación de los docentes, que los directores de colegios y escuela supervisen día a día la enseñanza de los/as estudiantes y que los estudiantes reconozcan la importancia  que tiene la enseñanza de cada día.   
630 ## - PUNTO DE ACCESO ADICIONAL DE MATERIA--TÍTULO UNIFORME
Título uniforme Estudiantes
630 ## - PUNTO DE ACCESO ADICIONAL DE MATERIA--TÍTULO UNIFORME
Título uniforme Gestión
630 ## - PUNTO DE ACCESO ADICIONAL DE MATERIA--TÍTULO UNIFORME
Título uniforme Rendimiento Escolar
630 ## - PUNTO DE ACCESO ADICIONAL DE MATERIA--TÍTULO UNIFORME
Título uniforme Supervisión Escolar
650 ## - PUNTO DE ACCESO ADICIONAL DE MATERIA--TÉRMINO DE MATERIA
Término de materia o nombre geográfico como elemento de entrada Gestión Educativa
690 ## - PUNTO DE ACCESO ADICIONAL DE MATERIA LOCAL--TÉRMINO DE MATERIA (OCLC, RLIN)
Término de materia o nombre geográfico como elemento inicial Elaborado
700 ## - ENTRADA AGREGADA--NOMBRE PERSONAL
Término indicativo de función/relación asesor
Nombre de persona Sánchez, Pedro
700 ## - ENTRADA AGREGADA--NOMBRE PERSONAL
Término indicativo de función/relación autor
Nombre de persona Noel Ramo , Ginett
700 ## - ENTRADA AGREGADA--NOMBRE PERSONAL
Término indicativo de función/relación autor
Nombre de persona Alcántara Santana , Rosa Yudelka
700 ## - ENTRADA AGREGADA--NOMBRE PERSONAL
Término indicativo de función/relación autor
Nombre de persona Linares Guerrero , Yeni Altagracia
901 ## - ELEMENTOS DE DATOS A LOCAL LDA (RLIN)
a {"1":"Noel Ramo ","2":"Alcántara Santana ","3":"Linares Guerrero "}
b {"1":"Ginett","2":"Rosa Yudelka","3":"Yeni Altagracia "}
902 ## - ELEMENTOS DE DATOS B LOCAL, LDB (RLIN)
a 1
903 ## - ELEMENTOS DE DATOS C LOCAL, LDC (RLIN)
a {"1":"Sánchez"}
b {"1":"Pedro "}
904 ## - ELEMENTOS DE DATOS D LOCAL, LDD (RLIN)
a Magíster en
905 ## - ELEMENTOS DE DATOS E LOCAL, LDE (RLIN)
a Educación Superior
906 ## - ELEMENTOS DE DATOS F LOCAL, LDF (RLIN)
a 1
907 ## - ELEMENTOS DE DATOS G LOCAL, LDG (RLIN)
a Mención en
908 ## - COLOCAR PARÁMETRO DE COMANDO (RLIN)
Colocar parámetro de comando Gestión Educativa
909 ## -
-- Universidad Nacional Evangélica (UNEV), Recinto Santo Domingo
910 ## - DATOS DE OPCIÓN DEL USUARIO (OCLC)
Datos de opción del usuario NULL
-- NULL
911 ## - EQUIVALENCIA O REFERENCIA-CRUZADA-NOMBRE DE CONFERENCIA O REUNIÓN/CONGRESO [LOCAL, CANADÁ]
Nombre de congreso/reunión o jurisdicción como elemento de entrada ["1"]
912 ## -
-- NO APLICA
913 ## -
-- NULL
914 ## -
-- 01 de Noviembre de 2012
915 ## -
-- 18/07/15 05:07
916 ## -
-- NULL
917 ## -
-- NULL
918 ## -
-- NO APLICA
919 ## -
-- ["96","111","177","189"]
921 ## -
-- 16
922 ## -
-- 16
923 ## -
-- 0
924 ## -
-- NO APLICA
942 ## - ELEMENTOS DE ENTRADA SECUNDARIOS (KOHA)
Tipo de ítem Koha

No items available.

© 2024. Todos los Derechos Reservados. Desarrollado por IDEICE